000 00969nam a22002777a 4500
003 EG-ScBUE
005 20250611093635.0
008 090623t1995 gw a f 000 0 eng d
020 _a9783540570868
040 _aEG-ScBUE
_beng
_erda
_cEG-ScBUE
_dEG-ScBUE
082 0 4 _222
_a535.2
_bSEL
245 0 0 _aSelf-organization in optical systems and applications in information technology /
_cMikhail A. Vorontsov & Walter B. Miller, eds.
264 1 _aBerlin :
_bSpringer-Verlag,
_c[1995]
264 4 _cc1995
300 _a247 pages :
_billustrations ;
_c23 cm
336 _2rdacontent
_atext
_btxt
337 _aunmediated
_2rdamedia
_bn
338 _avolume
_bnc
_2rdacarrier
650 7 _96536
_aLasers.
_2BUEsh
650 7 _96537
_aNonlinear optics.
_2BUEsh
650 7 _96535
_aSelf-organizing systems.
_2BUEsh
655 _vReading book
700 1 _aVoront︠s︡ov, M. A.
_q(Mikhail Alekseevich)
_eeditor.
700 1 _aMiller , Walter B.,
_eeditor.
942 _2ddc
_cBB
999 _c11945
_d11945